| 000 | 00801nam a22002295i 4500 | ||
|---|---|---|---|
| 001 | 176086 | ||
| 003 | ES-MaACL | ||
| 005 | 20240208063116.0 | ||
| 008 | 101215s1956 sp |||| | spa d | ||
| 080 | _a618.17 | ||
| 100 | 1 |
_aBotella Llusiá, José, _d1912-2002 _930758 |
|
| 245 | 1 | 0 |
_aEndocrinología del post-climaterio / _cpor J. Botella Llusiá. |
| 260 |
_aMadrid : _bServicio de Medicina Interna Hospital Militar "Gómez Ulla", _c1956. |
||
| 300 |
_a17, [8] p. ; _c17 cm. |
||
| 490 | 1 |
_aCuadernos de medicina interna ; _v32 |
|
| 504 | _aBibliografía: p. 17. | ||
| 650 | 0 | 4 |
_aMenopausia. _9144329 |
| 710 | 2 |
_aHospital Militar Central "Gómez Ulla" _9141700 |
|
| 830 | 0 |
_aCuadernos de medicina interna ; _v32 _9183827 |
|
| 852 |
_aES-MaACL _j2086-F-17 |
||
| 999 |
_c176086 _d176086 |
||